[Event "Wch Seniors 22nd"]
[Site "Kamena Vourla"]
[Date "2012.11.24"]
[Round "11"]
[White "Batakovs, Olegs N"]
[Black "Voon, Richard"]
[Result "1-0"]
[WhiteElo "2109"]
[BlackElo "1949"]
[PlyCount "83"]
[EventDate "2012.11.13"]
[EventType "swiss"]
[EventRounds "11"]
[EventCountry "GRE"]
[SourceTitle "CBM 151 Extra"]
[Source "ChessBase"]
[SourceDate "2012.12.18"]
[SourceVersion "1"]
[SourceVersionDate "2012.12.18"]
[SourceQuality "1"]

1. e4 c5 2. Nf3 Nc6 3. d4 cxd4 4. Nxd4 Nf6 5. Nc3 d6 6. Bg5 e6 7. Qd2 Be7 8. 0-0-0 a6 9. Nxc6 bxc6 10. Bxf6 gxf6 11. Bc4 Qa5 12. Kb1 Rb8 13. Bb3 0-0 14. Nd5 Bd8 15. Ne7+ Kh8 16. Qxa5 Bxa5 17. Nxc6 Rb5 18. Nxa5 Rxa5 19. Rxd6 Bb7 20. f3 f5 21. Rb6 Bc8 22. exf5 Rxf5 23. Rb8 Rg8 24. Re1 Rc5 25. g3 Rd8 26. Kc1 Kg7 27. Rd1 Rg8 28. Rd4 Kf6 29. Rc4 Rxc4 30. Bxc4 Kg7 31. f4 h6 32. b4 h5 33. a4 f5 34. b5 axb5 35. axb5 h4 36. b6 hxg3 37. hxg3 Kf7 38. b7 Bxb7 39. Rxb7+ Kf6 40. Rb6 Rxg3 41. Rxe6+ Kg7 42. Re5 1-0

[Event "Wch Seniors 22nd"]
[Site "Kamena Vourla"]
[Date "2012.11.22"]
[Round "9"]
[White "Sasu Ducsoara, Adrian"]
[Black "Voon, Richard"]
[Result "1/2-1/2"]
[WhiteElo "2170"]
[BlackElo "1949"]
[PlyCount "144"]
[EventDate "2012.11.13"]
[EventType "swiss"]
[EventRounds "11"]
[EventCountry "GRE"]
[SourceTitle "CBM 151 Extra"]
[Source "ChessBase"]
[SourceDate "2012.12.18"]
[SourceVersion "1"]
[SourceVersionDate "2012.12.18"]
[SourceQuality "1"]

1. e4 c5 2. Nf3 Nc6 3. d4 cxd4 4. Nxd4 Nf6 5. Nc3 d6 6. h3 e6 7. g4 h6 8. Be3 Be7 9. Qe2 a6 10. 0-0-0 Bd7 11. Bg2 Rc8 12. Nxc6 Bxc6 13. f4 Qa5 14. Kb1 b5 15. Qf2 Nd7 16. h4 b4 17. Ne2 Nf6 18. Bd4 e5 19. fxe5 dxe5 20. Qf5 Bd7 21. Qxe5 Qxe5 22. Bxe5 Bxg4 23. Rd2 0-0 24. Nf4 Rfd8 25. Nd5 Kf8 26. Rf2 Nxd5 27. exd5 Bh5 28. b3 Bc5 29. Rf4 a5 30. Rc4 Be2 31. Rf4 Bh5 32. Rc4 Be2 33. Rf4 Bh5 34. Bh3 Ra8 35. Bc7 Bd6 36. Bxd6+ Rxd6 37. Rhf1 Ra7 38. Bg2 Bg6 39. Rc4 Rd8 40. Rff4 f6 41. Rfd4 Rd6 42. Kb2 Bf5 43. a3 bxa3+ 44. Kxa3 g5 45. Rc5 Bd7 46. Bf1 Rb6 47. Rc3 f5 48. hxg5 hxg5 49. Rg3 g4 50. c4 Rb4 51. Bd3 Bc8 52. Rf4 Rf7 53. Rg1 Rfb7 54. Bc2 Ke7 55. Rg3 Kd6 56. Re3 Rf7 57. Re8 Bd7 58. Rd8 Rb7 59. Rg8 Ke5 60. Rgxg4 Rh7 61. Rh4 Rg7 62. Rf3 Rb8 63. Re3+ Kd6 64. Rh6+ Kc5 65. Rf6 Kd4 66. Rf3 Ke5 67. Ra6 a4 68. b4 Kd4 69. Rf4+ Ke5 70. Rf3 Kd4 71. Rf4+ Ke5 72. Rf3 Kd4 1/2-1/2

[Event "Wch Seniors 22nd"]
[Site "Kamena Vourla"]
[Date "2012.11.13"]
[Round "1"]
[White "Voon, Richard"]
[Black "Sorensen, Bent"]
[Result "0-1"]
[WhiteElo "1949"]
[BlackElo "2294"]
[PlyCount "72"]
[EventDate "2012.11.13"]
[EventType "swiss"]
[EventRounds "11"]
[EventCountry "GRE"]
[SourceTitle "CBM 151 Extra"]
[Source "ChessBase"]
[SourceDate "2012.12.18"]
[SourceVersion "1"]
[SourceVersionDate "2012.12.18"]
[SourceQuality "1"]

1. c4 e6 2. Nf3 d5 3. d4 c6 4. e3 Nf6 5. Nc3 Nbd7 6. Bd3 Bd6 7. 0-0 0-0 8. cxd5 exd5 9. Rb1 Qe7 10. Nd2 c5 11. Re1 Re8 12. Nf3 c4 13. Bc2 Bb4 14. Bd2 Bxc3 15. Bxc3 Ne4 16. Bxe4 dxe4 17. Ne5 Nxe5 18. dxe5 Rd8 19. Qa4 Be6 20. Rbd1 Rd3 21. Bd4 a6 22. Qa5 Qg5 23. Kh1 Rc8 24. Qb6 Qe7 25. Qa5 Rc6 26. Rc1 h6 27. Rc2 b5 28. Bb6 Bc8 29. Bd4 Rg6 30. Rg1 Bg4 31. Rcc1 Qh4 32. Qc7 Rd2 33. Qb7 Be6 34. Rcf1 Rg5 35. g3 Qg4 36. f3 Qh3 0-1

[Event "Queenstown op"]
[Site "Queenstown"]
[Date "2012.01.21"]
[Round "7"]
[White "Voon, Richard"]
[Black "Holdaway, Stewart"]
[Result "1-0"]
[WhiteElo "1933"]
[BlackElo "1746"]
[PlyCount "59"]
[EventDate "2012.01.15"]
[EventType "swiss"]
[EventRounds "9"]
[EventCountry "NZL"]
[SourceTitle "CBM 146 Extra"]
[Source "ChessBase"]
[SourceDate "2012.02.29"]
[SourceVersion "1"]
[SourceVersionDate "2012.02.29"]
[SourceQuality "1"]

1. d4 Nf6 2. c4 c5 3. Nf3 e6 4. g3 cxd4 5. Nxd4 Bc5 6. Nc3 d5 7. cxd5 Nxd5 8. Bg2 Nxc3 9. bxc3 e5 10. Qa4+ Bd7 11. Qc4 Qb6 12. Nb3 Bxf2+ 13. Kf1 0-0 14. Ba3 Rc8 15. Qd3 Qf6 16. Be7 Qxe7 17. Kxf2 Bc6 18. Rhd1 Bxg2 19. Kxg2 Nc6 20. Qe4 Rd8 21. Rf1 Rd7 22. Rf2 Rad8 23. Raf1 f6 24. Rf5 Qd6 25. Qg4 Qd5+ 26. e4 Qd3 27. Rxf6 Re7 28. R6f3 Qc2+ 29. R1f2 Qd1 30. Rf8+ 1-0

[Event "Queenstown op"]
[Site "Queenstown"]
[Date "2012.01.16"]
[Round "2"]
[White "Renzies, Elliott"]
[Black "Voon, Richard"]
[Result "0-1"]
[WhiteElo "1668"]
[BlackElo "1933"]
[PlyCount "87"]
[EventDate "2012.01.15"]
[EventType "swiss"]
[EventRounds "9"]
[EventCountry "NZL"]
[SourceTitle "CBM 146 Extra"]
[Source "ChessBase"]
[SourceDate "2012.02.29"]
[SourceVersion "1"]
[SourceVersionDate "2012.02.29"]
[SourceQuality "1"]

1. e4 c5 2. Nf3 d6 3. d4 cxd4 4. Nxd4 Nf6 5. Nc3 a6 6. Bc4 e6 7. Bb3 Be7 8. 0-0 0-0 9. f4 Nc6 10. Nde2 Na5 11. Be3 b5 12. Ng3 Bb7 13. a3 Nxb3 14. cxb3 Rc8 15. f5 e5 16. Nh5 g6 17. fxg6 hxg6 18. Nxf6+ Bxf6 19. Qf3 Bg5 20. Rad1 Bxe3+ 21. Qxe3 Kg7 22. Nd5 Rc2 23. Nf6 Rh8 24. Ng4 Qh4 25. h3 Bc8 26. Rxf7+ Kxf7 27. Qa7+ Ke8 28. Qg7 Bxg4 29. Qxg6+ Ke7 30. Qxd6+ Kf7 31. Rf1+ Ke8 32. Qxe5+ Kd8 33. Qd6+ Bd7 34. e5 Rc6 35. Qd2 Kc7 36. Rf7 Rd8 37. Qa5+ Kc8 38. Rf1 Qd4+ 39. Kh1 Qxe5 40. a4 Rg8 41. axb5 Qxb5 42. Qe1 Bxh3 43. gxh3 Qd5+ 44. Kh2 0-1

[Event "Queenstown op"]
[Site "Queenstown"]
[Date "2012.01.15"]
[Round "1"]
[White "Voon, Richard"]
[Black "Van Riemsdijk, Herman Claudius"]
[Result "0-1"]
[WhiteElo "1933"]
[BlackElo "2401"]
[PlyCount "102"]
[EventDate "2012.01.15"]
[EventType "swiss"]
[EventRounds "9"]
[EventCountry "NZL"]
[SourceTitle "CBM 146 Extra"]
[Source "ChessBase"]
[SourceDate "2012.02.29"]
[SourceVersion "1"]
[SourceVersionDate "2012.02.29"]
[SourceQuality "1"]

1. Nf3 c5 2. c4 Nf6 3. Nc3 d5 4. cxd5 Nxd5 5. d4 Nxc3 6. bxc3 g6 7. g3 Bg7 8. Bg2 Nc6 9. e3 Qa5 10. Bd2 0-0 11. 0-0 Bf5 12. Qb3 Qc7 13. Rfe1 Na5 14. Qa4 Bd7 15. Qd1 Nc4 16. Bc1 Rac8 17. e4 Qa5 18. Qb3 cxd4 19. cxd4 Bxd4 20. Bh6 Bxa1 21. Bxf8 Kxf8 22. Rxa1 b6 23. Qd3 Ne5 24. Qd4 Nxf3+ 25. Bxf3 Qc3 26. Rd1 Qxd4 27. Rxd4 Bh3 28. Bd1 Rc1 29. f3 Be6 30. Kf2 Bxa2 31. Ke2 Be6 32. Kd2 Rc7 33. Rd8+ Kg7 34. Rb8 Bc4 35. Ba4 Ba6 36. Ra8 b5 37. Bb3 Bc8 38. Rb8 Bd7 39. Bc2 a5 40. Ra8 a4 41. f4 Be6 42. Bd3 Bc4 43. Bc2 Bb3 44. Bd3 Bc4 45. Bc2 Bb3 46. Bd3 b4 47. e5 Rd7 48. Ke3 a3 49. g4 a2 50. f5 Bd5 51. Ra4 b3 0-1

[Event "AUS-ch Reserves"]
[Site "Geelong"]
[Date "2012.01.07"]
[Round "10"]
[White "Voon, Richard"]
[Black "Wijesuriya, G Vineetha"]
[Result "1-0"]
[WhiteElo "1933"]
[BlackElo "1855"]
[PlyCount "83"]
[EventDate "2011.12.27"]
[EventType "swiss"]
[EventRounds "11"]
[EventCountry "AUS"]
[SourceTitle "EXT 2023"]
[Source "ChessBase"]
[SourceDate "2022.10.05"]
[SourceVersion "1"]
[SourceVersionDate "2022.10.05"]
[SourceQuality "1"]

1. Nf3 Nf6 2. c4 d6 3. Nc3 g6 4. d4 Bg7 5. e4 Bg4 6. Be2 c6 7. Be3 Na6 8. Qd2 Bxf3 9. Bxf3 Nd7 10. 0-0 0-0 11. Bh6 e5 12. Bxg7 Kxg7 13. Rad1 Nb6 14. Be2 f5 15. f4 Qf6 16. fxe5 dxe5 17. d5 Qd6 18. Kh1 f4 19. a3 Rad8 20. b4 c5 21. Nb5 Qb8 22. Qb2 Nd7 23. Bg4 Nf6 24. Bf3 Rfe8 25. Rb1 g5 26. Qe2 Rh8 27. Bg4 h5 28. Bf5 g4 29. Rb3 Kf7 30. Qb2 Nd7 31. Rc1 Kf6 32. Rf1 Kf7 33. Qf2 b6 34. Qh4 Nf6 35. Qg5 Rdg8 36. Be6+ Ke7 37. Bxg8 Rxg8 38. Qf5 Ne8 39. Qe6+ Kf8 40. d6 Qd8 41. Qxe5 f3 42. Rfxf3+ 1-0

[Event "AUS-ch Reserves"]
[Site "Geelong"]
[Date "2012.01.06"]
[Round "9"]
[White "Antoniazzi, Francesco"]
[Black "Voon, Richard"]
[Result "0-1"]
[WhiteElo "1737"]
[BlackElo "1933"]
[PlyCount "74"]
[EventDate "2011.12.27"]
[EventType "swiss"]
[EventRounds "11"]
[EventCountry "AUS"]
[SourceTitle "EXT 2023"]
[Source "ChessBase"]
[SourceDate "2022.10.05"]
[SourceVersion "1"]
[SourceVersionDate "2022.10.05"]
[SourceQuality "1"]

1. d4 Nf6 2. c4 g6 3. g3 Bg7 4. Nc3 d5 5. Bg2 dxc4 6. Qa4+ c6 7. Qxc4 0-0 8. Nf3 Nbd7 9. 0-0 Nb6 10. Qd3 Be6 11. b3 h6 12. Bb2 a5 13. Ne5 a4 14. Nc4 axb3 15. axb3 Qc7 16. Rxa8 Rxa8 17. Ra1 Rxa1+ 18. Bxa1 Nxc4 19. bxc4 Qa5 20. Bb2 Qb4 21. d5 Bf5 22. e4 Bd7 23. Nd1 cxd5 24. exd5 Ba4 25. Bc3 Qa3 26. Ne3 Nd7 27. Qe4 Qxc3 28. Qxe7 Qe1+ 29. Bf1 Bd4 30. Qe8+ Kh7 31. Qxf7+ Bg7 32. Kg2 Qd2 33. h4 h5 34. Kg1 b6 35. Ng2 Ne5 36. Qc7 Nf3+ 37. Kh1 Qxf2 0-1

[Event "AUS-ch Reserves"]
[Site "Geelong"]
[Date "2011.12.31"]
[Round "5"]
[White "Van Riel, Bas"]
[Black "Voon, Richard"]
[Result "1/2-1/2"]
[WhiteElo "1886"]
[BlackElo "1933"]
[PlyCount "166"]
[EventDate "2011.12.27"]
[EventType "swiss"]
[EventRounds "11"]
[EventCountry "AUS"]
[SourceTitle "EXT 2023"]
[Source "ChessBase"]
[SourceDate "2022.10.05"]
[SourceVersion "1"]
[SourceVersionDate "2022.10.05"]
[SourceQuality "1"]

1. d4 Nf6 2. c4 e6 3. Nc3 Bb4 4. a3 Bxc3+ 5. bxc3 c5 6. Nf3 h6 7. e3 0-0 8. Bd3 b6 9. 0-0 d6 10. e4 Nc6 11. Bf4 Re8 12. e5 dxe5 13. dxe5 Nd7 14. Qe2 Nf8 15. Rfd1 Qc7 16. Nd2 f5 17. h4 Bb7 18. h5 Rad8 19. Nf3 Qe7 20. Re1 Rd7 21. Rad1 Red8 22. Bc2 Rxd1 23. Rxd1 Rxd1+ 24. Qxd1 Na5 25. Qd3 Ba6 26. Qd6 Qe8 27. Qc7 Qd7 28. Qxd7 Nxd7 29. Nd2 Nxc4 30. Bb3 b5 31. Nxc4 bxc4 32. Ba4 Nb6 33. Bc6 Nd5 34. Bxd5 exd5 35. Be3 Kf7 36. Bxc5 Ke6 37. f4 Bb5 38. Bxa7 Be8 39. Bc5 Bxh5 40. Bf8 d4 41. Kf2 d3 42. Ke3 Kf7 43. Bc5 Bd1 44. Kd2 Ba4 45. Be3 Ke6 46. Ke1 Kd5 47. Kf2 Ke4 48. g3 g6 49. Bd2 Bc6 50. Be3 Kd5 51. Bd2 Kc5 52. Ke3 g5 53. Kf2 g4 54. Ke3 h5 55. Be1 Bd5 56. Bd2 Be6 57. Bc1 Kb5 58. Kf2 Ka4 59. Ke3 Kb3 60. Bd2 Kxa3 61. Be1 Kb3 62. Kd2 Kb2 63. Bf2 Kb3 64. Be1 Ka4 65. Bf2 Kb5 66. Be1 Kc6 67. Ke3 Kd5 68. Bf2 Bd7 69. Be1 Ba4 70. Bd2 Bd1 71. Be1 Be2 72. Bf2 Bf1 73. Be1 Bg2 74. Bd2 Kc5 75. Be1 Bd5 76. Bd2 Bc6 77. Be1 Kd5 78. Bd2 Ke6 79. Be1 Bb5 80. Bd2 Kf7 81. Be1 Kg6 82. Bf2 Bd7 83. Be1 Be8 1/2-1/2

[Event "Oceania zt"]
[Site "Rotorua"]
[Date "2011.01.29"]
[Round "7"]
[White "Fitzpatrick, Andrew"]
[Black "Voon, Richard"]
[Result "1/2-1/2"]
[WhiteElo "2023"]
[BlackElo "1904"]
[PlyCount "99"]
[EventDate "2011.01.25"]
[EventType "swiss"]
[EventRounds "9"]
[EventCountry "NZL"]
[SourceTitle "CBM 140 Extra"]
[Source "ChessBase"]
[SourceDate "2011.03.01"]
[SourceVersion "1"]
[SourceVersionDate "2011.03.01"]
[SourceQuality "1"]

1. e4 c5 2. b4 cxb4 3. a3 Nf6 4. e5 Nd5 5. Nf3 e6 6. axb4 Bxb4 7. c3 Be7 8. d4 0-0 9. Bd3 f5 10. exf6 Nxf6 11. 0-0 b6 12. Nbd2 Bb7 13. Ba3 Nc6 14. Nc4 Bxa3 15. Rxa3 Qc7 16. Qa1 a6 17. Qb1 b5 18. Nce5 d6 19. Nxc6 Qxc6 20. Qa2 Rfe8 21. Re1 Qc8 22. Ng5 Bd5 23. Qc2 h6 24. Nh3 e5 25. Bg6 Re7 26. Nf4 Bc4 27. Bf5 Qc6 28. Ng6 Ree8 29. dxe5 dxe5 30. Rxe5 Rxe5 31. Nxe5 Re8 32. Nf3 Re2 33. Qd1 Qc5 34. Nd4 Re5 35. Rxa6 Rxf5 36. Ra8+ Kf7 37. Nxf5 Qxf5 38. Ra7+ Kg6 39. h3 Qd3 40. Qe1 Qe2 41. Qc1 Nd5 42. Qb1+ Qd3 43. Qe1 Qxc3 44. Qe6+ Nf6 45. Qe7 Nd5 46. Ra6+ Nf6 47. Qe4+ Kf7 48. Ra7+ Kg8 49. Ra8+ Kf7 50. Ra7+ 1/2-1/2

[Event "Oceania zt"]
[Site "Rotorua"]
[Date "2011.01.28"]
[Round "6"]
[White "Voon, Richard"]
[Black "Guo Yuthok, Sherab"]
[Result "1/2-1/2"]
[WhiteElo "1904"]
[BlackElo "1975"]
[PlyCount "78"]
[EventDate "2011.01.25"]
[EventType "swiss"]
[EventRounds "9"]
[EventCountry "NZL"]
[SourceTitle "CBM 140 Extra"]
[Source "ChessBase"]
[SourceDate "2011.03.01"]
[SourceVersion "1"]
[SourceVersionDate "2011.03.01"]
[SourceQuality "1"]

1. d4 f5 2. g3 Nf6 3. Bg2 g6 4. c4 Bg7 5. Nf3 0-0 6. 0-0 d6 7. Nc3 Qe8 8. d5 c6 9. Rb1 a5 10. a3 Na6 11. b4 Nc7 12. Be3 Ng4 13. Bd4 Ne5 14. Nxe5 dxe5 15. Bb6 axb4 16. axb4 e4 17. Qb3 Qd7 18. Rfd1 Ne8 19. dxc6 Qxc6 20. Nd5 Kh8 21. b5 Qe6 22. Bd4 Bxd4 23. Rxd4 Qd6 24. e3 Qc5 25. Qb2 Kg8 26. Bf1 Be6 27. Ra1 Nc7 28. Rc1 Rfc8 29. Rdd1 Kf7 30. Nf4 Rd8 31. h4 Rd6 32. Rxd6 exd6 33. Rd1 Rg8 34. Nxe6 Nxe6 35. Rd5 Qb6 36. Qa3 Nc5 37. Qa1 Ke6 38. Qd4 Nd7 39. Qa1 Nc5 1/2-1/2

[Event "AUS-ch Major"]
[Site "Cammeray"]
[Date "2011.01.13"]
[Round "11"]
[White "Stead, Kerry"]
[Black "Voon, Richard"]
[Result "1-0"]
[WhiteElo "2060"]
[BlackElo "1904"]
[PlyCount "67"]
[EventDate "2011.01.02"]
[EventType "swiss"]
[EventRounds "11"]
[EventCountry "AUS"]
[SourceTitle "CBM 140 Extra"]
[Source "ChessBase"]
[SourceDate "2011.03.01"]
[SourceVersion "1"]
[SourceVersionDate "2011.03.01"]
[SourceQuality "1"]

1. d4 Nf6 2. f3 d5 3. e4 c6 4. e5 Nfd7 5. c3 Nb6 6. Bd3 g6 7. Ne2 Bf5 8. Bxf5 gxf5 9. e6 fxe6 10. Nf4 Qd7 11. Qe2 Kf7 12. 0-0 Na6 13. Re1 Nc7 14. Nd3 Bg7 15. Nc5 Qc8 16. Bf4 e5 17. Bxe5 Bxe5 18. Qxe5 e6 19. Nd2 Nd7 20. Qe2 Nxc5 21. dxc5 Rg8 22. f4 Rg7 23. Nf3 h6 24. Nd4 Rg6 25. Qh5 Kg7 26. Nxf5+ exf5 27. Re7+ Kf8 28. Qxg6 Kxe7 29. Re1+ Ne6 30. Qxf5 Qg8 31. Qe5 Rf8 32. f5 Rf6 33. Qd6+ Ke8 34. fxe6 1-0

[Event "Melbourne Cup"]
[Site "Melbourne"]
[Date "2010.10.31"]
[Round "5"]
[White "Cheng, Bobby Sky"]
[Black "Voon, Richard"]
[Result "1-0"]
[WhiteElo "2227"]
[BlackElo "1735"]
[PlyCount "91"]
[EventDate "2010.10.29"]
[EventType "swiss"]
[EventRounds "9"]
[EventCountry "AUS"]
[SourceTitle "EXT 2012"]
[Source "ChessBase"]
[SourceDate "2011.11.24"]
[SourceVersion "1"]
[SourceVersionDate "2011.11.24"]
[SourceQuality "1"]

1. d4 d5 2. c4 e6 3. Nf3 Nf6 4. g3 Bb4+ 5. Bd2 Be7 6. Bg2 0-0 7. Qc2 c6 8. 0-0 Nbd7 9. Bf4 Ne4 10. Nc3 Ndf6 11. Ne5 Nxc3 12. Qxc3 Ne4 13. Qc2 Nd6 14. c5 Ne8 15. b4 f6 16. Nd3 Bd7 17. e4 dxe4 18. Bxe4 f5 19. Bg2 Nf6 20. Rfb1 Nd5 21. Be5 g5 22. a4 Qe8 23. Qd2 Qf7 24. Kh1 h6 25. b5 Kh7 26. Nb4 Qe8 27. bxc6 Bxc6 28. Nxc6 bxc6 29. Rb7 Rf7 30. Rab1 a5 31. Bf3 g4 32. Bxd5 exd5 33. R1b6 Kg6 34. Rc7 Rc8 35. Rbxc6+ Qxc6 36. Rxc6+ Rxc6 37. Qxa5 Bf6 38. Qa8 Re6 39. Qxd5 Rfe7 40. Bd6 Re1+ 41. Kg2 Re8 42. Qc6 R1e6 43. d5 Re2 44. a5 Kh5 45. Be5 R8xe5 46. Qxf6 1-0

[Event "Sydney op"]
[Site "Parramatta"]
[Date "2010.04.10"]
[Round "7"]
[White "Barisic, Frank"]
[Black "Voon, Richard"]
[Result "0-1"]
[WhiteElo "1833"]
[BlackElo "1915"]
[PlyCount "116"]
[EventDate "2010.04.07"]
[EventType "swiss"]
[EventRounds "9"]
[EventCountry "AUS"]
[SourceTitle "CBM 135 Extra"]
[Source "ChessBase"]
[SourceDate "2010.05.04"]
[SourceVersion "1"]
[SourceVersionDate "2010.05.04"]
[SourceQuality "1"]

1. e4 c5 2. Nf3 d6 3. d4 cxd4 4. Nxd4 Nf6 5. Nc3 a6 6. h3 b5 7. Bd3 Bb7 8. a3 g6 9. Be3 Bg7 10. Qd2 Nbd7 11. 0-0 0-0 12. f3 Re8 13. Rfe1 Rc8 14. Kh1 Ne5 15. f4 Nc4 16. Qc1 Nxe3 17. Qxe3 Nd7 18. Rac1 Nb6 19. Nce2 Nc4 20. Bxc4 Rxc4 21. c3 e5 22. fxe5 dxe5 23. Nf3 Rxe4 24. Qd2 Qxd2 25. Nxd2 Re3 26. Ng1 Bh6 27. Nf1 Rxe1 28. Rxe1 e4 29. Ne3 f5 30. Kh2 Rd8 31. Rd1 Rd3 32. Rxd3 exd3 33. Nd1 Bc1 34. Nf3 Kg7 35. Kg3 Kf6 36. Kf2 g5 37. Nd4 Bd5 38. g3 f4 39. gxf4 gxf4 40. Nf3 Kf5 41. Ne1 Ke4 42. Kf1 d2 43. Nf2+ Kf5 44. Ned3 Bc4 45. Ke2 Bxb2 46. Kxd2 Bxa3 47. Nb4 a5 48. Nc2 Bc5 49. Nd3 Bb6 50. Na3 Ke4 51. Nxc4 bxc4 52. Nb2 Kd5 53. Ke2 Be3 54. Na4 Kc6 55. Nb2 Kb5 56. Nd1 Bc1 57. Nf2 Ka4 58. Kd1 Be3 0-1

[Event "Doeberl Cup Major 48th"]
[Site "Canberra"]
[Date "2010.04.04"]
[Round "6"]
[White "Mendes da Costa, Alex"]
[Black "Voon, Richard"]
[Result "1/2-1/2"]
[WhiteElo "1920"]
[BlackElo "1758"]
[PlyCount "124"]
[EventDate "2010.04.02"]
[EventType "swiss"]
[EventRounds "7"]
[EventCountry "AUS"]
[SourceTitle "EXT 2012"]
[Source "ChessBase"]
[SourceDate "2011.11.24"]
[SourceVersion "1"]
[SourceVersionDate "2011.11.24"]
[SourceQuality "1"]

1. e4 c5 2. Nf3 d6 3. d4 cxd4 4. Nxd4 Nf6 5. Nc3 a6 6. Be2 g6 7. 0-0 Bg7 8. Bg5 Nc6 9. Nb3 0-0 10. Qd2 Re8 11. Rad1 b5 12. f3 Be6 13. Kh1 Ne5 14. f4 Nc4 15. Bxc4 Bxc4 16. Rfe1 Qb6 17. Bh4 Rac8 18. Bf2 Qc7 19. Bd4 a5 20. e5 dxe5 21. Bxe5 Qa7 22. Bd4 Qa8 23. h3 b4 24. Na4 Rcd8 25. Nb6 Qa6 26. Nxc4 Qxc4 27. Nxa5 Qxa2 28. Nc6 Rd7 29. Qxb4 Nd5 30. Qd2 Qa8 31. Bxg7 Kxg7 32. Ne5 Rd6 33. Nf3 Red8 34. c4 Nxf4 35. Qc3+ Kg8 36. Rxd6 exd6 37. Kh2 Qb8 38. Kh1 Rc8 39. Ng5 Qb7 40. Ne4 f5 41. Qf3 fxe4 42. Qxf4 Rxc4 43. Qxd6 Qf7 44. Qe5 Qf5 45. Qb8+ Kg7 46. b4 Kh6 47. b5 Rb4 48. b6 Qf2 49. Rc1 Rxb6 50. Qe5 e3 51. Rc5 Rf6 52. Qg5+ Kg7 53. Rc7+ Rf7 54. Qe5+ Qf6 55. Rxf7+ Kxf7 56. Qxe3 g5 57. Qd3 Kg7 58. Kg1 h5 59. Kh1 h4 60. Kg1 Kh6 61. Qd1 Qf4 62. Kh1 Qf6 1/2-1/2